[Event "26th WSCC 2016 Open 65+"]
[Site "Marianske Lazne, Czech Republic - Hotel Cristal and Continental"]
[Date "2016.11.21"]
[Round "3.113"]
[White "Feco, Jan"]
[Black "Strand, Kjetil"]
[Result "0-1"]
[WhiteElo "1761"]
[BlackElo "1990"]
[PlyCount "60"]
[EventDate "2016.11.19"]

1. e4 e5 2. Nf3 Nc6 3. Bc4 Bc5 4. O-O d6 5. d3 Nf6 6. c3 Bb6 7. Na3 O-O 8. Nc2
Ne7 9. Be3 c6 10. Bxb6 Qxb6 11. Rb1 d5 12. exd5 cxd5 13. Bb3 Ng6 14. Ne3 Be6
15. Ng5 Rad8 16. g3 Bc8 17. Qd2 h6 18. Nf3 Bh3 19. Rfc1 e4 20. Ne1 d4 21. cxd4
Rxd4 22. Nc4 Qd8 23. Ne3 exd3 24. Rc4 Ne5 25. Rc5 Ne4 26. Qd1 Nxc5 27. Qh5 Nxb3
28. axb3 Bg4 29. Qxe5 d2 30. N1c2 d1=Q+ 0-1

[Event "26th WSCC 2016 Open 65+"]
[Site "Marianske Lazne, Czech Republic - Hotel Cristal and Continental"]
[Date "2016.11.21"]
[Round "3.114"]
[White "Mortensen, Steen Juul"]
[Black "Siewert, Wolfgang"]
[Result "1/2-1/2"]
[WhiteElo "1975"]
[BlackElo "1753"]
[PlyCount "40"]
[EventDate "2016.11.19"]

1. d4 g6 2. c4 Bg7 3. Nc3 Nf6 4. e4 d6 5. Nf3 O-O 6. Be2 c5 7. O-O cxd4 8. Nxd4
Nc6 9. Nc2 Nd7 10. Be3 Nc5 11. f3 b6 12. Qd2 a5 13. Rab1 Bb7 14. b3 Qd7 15. Nd5
Qd8 16. a3 e6 17. Nxb6 Qxb6 18. b4 axb4 19. axb4 Nxe4 20. fxe4 Qc7 1/2-1/2

[Event "26th WSCC 2016 Open 65+"]
[Site "Marianske Lazne, Czech Republic - Hotel Cristal and Continental"]
[Date "2016.11.21"]
[Round "3.115"]
[White "Peierl, Walter"]
[Black "Taksrud, Vidar"]
[Result "0-1"]
[WhiteElo "1741"]
[BlackElo "1964"]
[PlyCount "60"]
[EventDate "2016.11.19"]

1. e4 d5 2. exd5 Nf6 3. Nf3 Nxd5 4. Bc4 e6 5. O-O Be7 6. c3 O-O 7. d4 Nd7 8.
Be3 N7b6 9. Bb3 c5 10. Nbd2 Bd7 11. Ne5 Be8 12. c4 Nxe3 13. fxe3 cxd4 14. Qe2
dxe3 15. Qxe3 Bg5 16. Rf4 f6 17. Nef3 Bxf4 18. Qxf4 e5 19. Qe3 Bf7 20. Rd1 Qc7
21. c5 Nd5 22. Qf2 b6 23. Ne4 Nf4 24. Bxf7+ Qxf7 25. cxb6 axb6 26. b3 Qc7 27.
Nfd2 Rxa2 28. Qe3 Rd8 29. Nf2 Rdxd2 30. Rxd2 Qc1+ 0-1

[Event "26th WSCC 2016 Open 65+"]
[Site "Marianske Lazne, Czech Republic - Hotel Cristal and Continental"]
[Date "2016.11.21"]
[Round "3.116"]
[White "Rucka, Alois"]
[Black "Hasberger, Walter"]
[Result "1-0"]
[WhiteElo "1953"]
[BlackElo "1739"]
[PlyCount "73"]
[EventDate "2016.11.19"]

1. d4 d5 2. Nf3 Nf6 3. g3 g6 4. Bg2 Bg7 5. O-O O-O 6. Nbd2 Bf5 7. Nh4 Qd7 8.
Nxf5 Qxf5 9. c4 c6 10. Qb3 Qd7 11. c5 Qc8 12. Nf3 Nbd7 13. Bf4 b6 14. cxb6 axb6
15. Rfc1 Qb7 16. Rc2 Rfc8 17. Rac1 Ne4 18. a3 h6 19. h4 e6 20. Qe3 Kh7 21. Nd2
Nxd2 22. Qxd2 Ra4 23. Be3 b5 24. Qd3 Rc4 25. h5 Rxc2 26. hxg6+ fxg6 27. Rxc2
Nf8 28. Bh3 Bf6 29. Bf4 Kg7 30. Bd6 Be7 31. Be5+ Bf6 32. Bxf6+ Kxf6 33. Qe3 g5
34. Qe5+ Kf7 35. Rc3 Qe7 36. Rf3+ Kg6 37. Bf5+ 1-0

[Event "26th WSCC 2016 Open 65+"]
[Site "Marianske Lazne, Czech Republic - Hotel Cristal and Continental"]
[Date "2016.11.21"]
[Round "3.117"]
[White "Zilbershtein, Victor"]
[Black "Briza, Jiri"]
[Result "0-1"]
[WhiteElo "1716"]
[BlackElo "1941"]
[PlyCount "142"]
[EventDate "2016.11.19"]

1. d4 d5 2. Nf3 Nf6 3. e3 e6 4. Bd3 c5 5. b3 Be7 6. Nbd2 Nc6 7. a3 O-O 8. O-O
Qc7 9. Bb2 cxd4 10. exd4 b6 11. Ne5 Re8 12. f4 Bf8 13. g4 Nd7 14. Ndf3 Ndxe5
15. fxe5 f6 16. exf6 gxf6 17. Nh4 Bg7 18. c3 Qe7 19. Re1 Bd7 20. a4 Qd6 21. Qc2
f5 22. Rf1 e5 23. Bxf5 Bxf5 24. Nxf5 Qg6 25. Qg2 e4 26. Nxg7 Qxg7 27. g5 Re6
28. Rae1 Rae8 29. Re3 Qd7 30. Qg4 Qg7 31. Rf5 Na5 32. Rxd5 Nxb3 33. c4 Nd2 34.
Rd8 Qf7 35. Rxe8+ Rxe8 36. Qe2 Nxc4 37. Rg3 Nxb2 38. Qxb2 Qc4 39. g6 h6 40. Qb3
Rc8 41. h4 Kg7 42. Qxc4 Rxc4 43. d5 Rd4 44. h5 Rxd5 45. Rh3 Ra5 46. Kf2 Rxa4
47. Rc3 Ra5 48. Rc7+ Kf6 49. Rc6+ Ke7 50. g7 Kf7 51. Rxh6 Kxg7 52. Rd6 Rxh5 53.
Rd7+ Kf6 54. Rxa7 Ke5 55. Rb7 Rh6 56. Rc7 Kd5 57. Rd7+ Rd6 58. Rc7 Kd4 59. Rc1
Re6 60. Rc8 Re5 61. Rd8+ Rd5 62. Re8 b5 63. Ke2 Re5 64. Rd8+ Kc3 65. Ke3 b4 66.
Rc8+ Kb2 67. Rb8 b3 68. Rb7 Kc2 69. Rc7+ Kb1 70. Rb7 b2 71. Rb8 Ra5 0-1

[Event "26th WSCC 2016 Open 65+"]
[Site "Marianske Lazne, Czech Republic - Hotel Cristal and Continental"]
[Date "2016.11.21"]
[Round "3.118"]
[White "Nielsen, Peter"]
[Black "El Gheiadi, I."]
[Result "1/2-1/2"]
[WhiteElo "1713"]
[BlackElo "1918"]
[PlyCount "105"]
[EventDate "2016.11.19"]

1. e4 d5 2. exd5 Qxd5 3. Nc3 Qa5 4. d4 Nf6 5. Bd2 c6 6. Bc4 Bf5 7. Nf3 e6 8. h3
Bb4 9. g4 Bg6 10. Ne5 Qd8 11. Ne2 Bd6 12. Bg5 Bxe5 13. dxe5 Qa5+ 14. Qd2 Qxe5
15. O-O-O O-O 16. Bxf6 Qxf6 17. f4 Be4 18. g5 Qe7 19. Rh2 b5 20. Bb3 a5 21. a3
a4 22. Ba2 Na6 23. Ng3 Bd5 24. Bxd5 cxd5 25. f5 Qc5 26. f6 g6 27. Qd4 Qc7 28.
Qh4 Kh8 29. Rhd2 Rab8 30. Rd4 Rfc8 31. R1d2 Qc5 32. Qh6 Qf8 33. Qxf8+ Rxf8 34.
Ne2 Rfc8 35. Kb1 b4 36. axb4 Rxb4 37. Rxb4 Nxb4 38. c3 Nc6 39. Nd4 Ne5 40. Nb5
Nc4 41. Re2 h6 42. h4 h5 43. Ka2 Kg8 44. Na7 Rc5 45. b3 axb3+ 46. Kxb3 Nd6 47.
Ra2 Kf8 48. Ra6 Nc8 49. Nxc8 Rxc8 50. Ra7 Re8 51. Rd7 Rc8 52. Kc2 Ke8 53. Re7+
1/2-1/2

[Event "26th WSCC 2016 Open 65+"]
[Site "Marianske Lazne, Czech Republic - Hotel Cristal and Continental"]
[Date "2016.11.21"]
[Round "3.119"]
[White "Belokopyt, Boris"]
[Black "Brhlik, Antonin"]
[Result "1/2-1/2"]
[WhiteElo "1898"]
[BlackElo "1732"]
[PlyCount "104"]
[EventDate "2016.11.19"]

1. e4 c5 2. Nf3 Nc6 3. d4 cxd4 4. Nxd4 Nf6 5. Nc3 e5 6. Nf3 Bb4 7. Bd3 d5 8.
exd5 Nxd5 9. Bd2 Bxc3 10. bxc3 h6 11. O-O O-O 12. Re1 Bg4 13. h3 Bxf3 14. Qxf3
Nf6 15. Rad1 Kh8 16. g4 e4 17. Bxe4 Nxe4 18. Qxe4 Qf6 19. Qf4 Qxf4 20. Bxf4
Rfd8 21. Bc7 Rxd1 22. Rxd1 Re8 23. Kf1 Re7 24. Bg3 Kg8 25. Rd5 f6 26. a4 Kf7
27. a5 a6 28. Bf4 Ke6 29. Rc5 Kf7 30. Be3 Rd7 31. Ke2 Ke6 32. h4 Rd8 33. g5
hxg5 34. hxg5 Rd5 35. gxf6 gxf6 36. Rxd5 Kxd5 37. Bb6 Ke4 38. f3+ Kd5 39. Ke3
f5 40. Kf4 Ke6 41. Bc7 Ne7 42. c4 Nc6 43. c3 Ne7 44. Ke3 Nc6 45. f4 Kd7 46. Bb6
Kd6 47. Kf2 Ke6 48. Kf3 Kf6 49. Kf2 Kf7 50. Ke3 Ke6 51. Kd3 Kd6 52. Ke3 Ke6
1/2-1/2

[Event "26th WSCC 2016 Open 65+"]
[Site "Marianske Lazne, Czech Republic - Hotel Cristal and Continental"]
[Date "2016.11.21"]
[Round "3.120"]
[White "Mohammadian, Mohammad"]
[Black "Patola, Eero"]
[Result "1-0"]
[WhiteElo "1683"]
[BlackElo "1862"]
[PlyCount "107"]
[EventDate "2016.11.19"]

1. e4 d5 2. exd5 Nf6 3. Bb5+ Bd7 4. Bxd7+ Qxd7 5. c4 c6 6. dxc6 Nxc6 7. Nf3 e5
8. O-O Bd6 9. Re1 O-O 10. d3 h6 11. a3 Rad8 12. Qc2 Rfe8 13. Nc3 Bb8 14. Rd1
Nd4 15. Nxd4 exd4 16. Ne2 Qe6 17. Ng3 Ng4 18. Rf1 Qf6 19. h3 Ne5 20. f4 Ng6 21.
Qf2 Re7 22. Bd2 Rde8 23. Qf3 Qb6 24. b4 Qd8 25. Ne4 b6 26. Qg4 Re6 27. g3 Kh7
28. Qh5 Rxe4 29. dxe4 Rxe4 30. Rfe1 Qe7 31. Qf5 Re2 32. Qd3 Rxe1+ 33. Rxe1 Qf6
34. Re4 h5 35. Qxd4 Qf5 36. Kh2 h4 37. g4 Qc8 38. Kg2 f5 39. gxf5 Qxf5 40. Qe3
Bd6 41. Qf3 Be7 42. Rd4 Bf6 43. Rd5 Qc2 44. Qd3 Qd1 45. Qf3 Qc2 46. Qh5+ Kg8
47. Qf5 Qxf5 48. Rxf5 Ne7 49. Rb5 Bd4 50. c5 Nc8 51. c6 Ne7 52. c7 a6 53. Rd5
Bf6 54. Rd8+ 1-0

[Event "26th WSCC 2016 Open 65+"]
[Site "Marianske Lazne, Czech Republic - Hotel Cristal and Continental"]
[Date "2016.11.21"]
[Round "3.121"]
[White "Flockerzi, Armin"]
[Black "Biza, Miroslav"]
[Result "0-1"]
[WhiteElo "1860"]
[BlackElo "1728"]
[PlyCount "128"]
[EventDate "2016.11.19"]

1. Nf3 d5 2. d4 Bf5 3. g3 Nc6 4. a3 Qd7 5. Bg2 f6 6. Nbd2 g5 7. c3 h5 8. Nb3 e6
9. h4 g4 10. Nh2 Qh7 11. Nc5 b6 12. Nd3 Bd6 13. O-O Nge7 14. Be3 Bg6 15. Qd2
O-O-O 16. b4 e5 17. dxe5 Nxe5 18. Nxe5 Bxe5 19. Rac1 Be4 20. Bd4 Bxg2 21. Kxg2
Qe4+ 22. Kg1 Nf5 23. e3 Nd6 24. Qc2 Bxd4 25. cxd4 Qxc2 26. Rxc2 Nc4 27. a4 f5
28. Rfc1 a6 29. b5 axb5 30. axb5 Kb7 31. Nf1 c6 32. bxc6+ Kxc6 33. Nd2 b5 34.
Nb3 Ra8 35. Nc5 Rhe8 36. Nd3 Kd6 37. Nf4 b4 38. Re2 b3 39. Rb1 b2 40. Kg2 Ra1
41. Ree1 Rea8 42. Nd3 Rxb1 43. Rxb1 Ra1 44. Rxb2 Nxb2 45. Nxb2 Ra3 46. Nd1 Kc6
47. Kf1 Kb5 48. Ke2 Kc4 49. Nb2+ Kc3 50. Nd1+ Kc2 51. e4 fxe4 52. Ne3+ Kc3 53.
Nxd5+ Kxd4 54. Ne3 Ra2+ 55. Kf1 Kd3 56. Kg2 Ke2 57. Kg1 Ke1 58. Ng2+ Ke2 59.
Nf4+ Kf3 60. Nxh5 Rxf2 61. Nf6 Rg2+ 62. Kf1 Ra2 63. Ke1 e3 64. h5 Ra1# 0-1

[Event "26th WSCC 2016 Open 65+"]
[Site "Marianske Lazne, Czech Republic - Hotel Cristal and Continental"]
[Date "2016.11.21"]
[Round "3.122"]
[White "Svoboda, Zdenek"]
[Black "Dubinsky, Alexander"]
[Result "0-1"]
[WhiteElo "1659"]
[BlackElo "1858"]
[PlyCount "102"]
[EventDate "2016.11.19"]

1. e4 e5 2. Nf3 Nc6 3. Bc4 Bc5 4. b4 Bxb4 5. c3 Ba5 6. d4 exd4 7. O-O Nge7 8.
cxd4 O-O 9. d5 Nb8 10. e5 d6 11. Qb3 h6 12. Bb2 Nd7 13. Qa3 c5 14. exd6 Nf5 15.
Ne5 Nxd6 16. Rd1 Bb4 17. Qg3 Nf5 18. Qd3 Nd6 19. a3 Ba5 20. Nd2 Nf6 21. Nb3 Bb6
22. Nd2 Re8 23. Re1 Bc7 24. f4 Bf5 25. Qf3 Nxc4 26. Ndxc4 Qxd5 27. Qg3 Bxe5 28.
fxe5 Nh5 29. Qh4 Bg6 30. Rad1 Qe6 31. Rd6 Qe7 32. Qf2 b6 33. Red1 Rad8 34. g4
b5 35. Rxd8 Rxd8 36. Nd6 Qg5 37. h3 Nf4 38. Kh2 Ne6 39. Rf1 Rd7 40. Qg3 a6 41.
h4 Qd2+ 42. Rf2 Qd3 43. Qg2 Rxd6 44. exd6 Qxd6+ 45. Qg3 Qxg3+ 46. Kxg3 a5 47.
Rd2 b4 48. Kf3 c4 49. Rd5 c3 50. Bc1 b3 51. Rb5 Nd4+ 0-1

[Event "26th WSCC 2016 Open 65+"]
[Site "Marianske Lazne, Czech Republic - Hotel Cristal and Continental"]
[Date "2016.11.21"]
[Round "3.123"]
[White "Rychtecky, Pavel"]
[Black "Rehak, Jiri"]
[Result "1-0"]
[WhiteElo "1601"]
[BlackElo "1846"]
[PlyCount "67"]
[EventDate "2016.11.19"]

1. e4 d5 2. exd5 Nf6 3. d4 Bg4 4. Be2 Bxe2 5. Qxe2 Qxd5 6. Nf3 e6 7. O-O Bd6 8.
c4 Qh5 9. Nc3 O-O 10. c5 Be7 11. Bf4 c6 12. h3 Nbd7 13. b4 Nd5 14. Nxd5 Qxd5
15. Rfd1 Qf5 16. Qe3 Rac8 17. Rd2 Rfd8 18. g4 Qd5 19. Rb1 a6 20. a4 f6 21. Re1
Nf8 22. g5 Kf7 23. h4 Ng6 24. h5 Nxf4 25. Qxf4 Qf5 26. Qxf5 exf5 27. g6+ hxg6
28. hxg6+ Kf8 29. Rde2 Rc7 30. Kg2 Rd5 31. Kg3 f4+ 32. Kg4 Ke8 33. Nh4 Rxd4 34.
Rxe7+ 1-0

[Event "26th WSCC 2016 Open 65+"]
[Site "Marianske Lazne, Czech Republic - Hotel Cristal and Continental"]
[Date "2016.11.21"]
[Round "3.124"]
[White "Zelenka, Pavel"]
[Black "Degtiarev, Viktor"]
[Result "0-1"]
[WhiteElo "1563"]
[BlackElo "1823"]
[PlyCount "40"]
[EventDate "2016.11.19"]

1. d4 c5 2. d5 Nf6 3. c4 d6 4. Nc3 g6 5. Nf3 Bg7 6. e4 Na6 7. Be2 Nc7 8. a4 O-O
9. Nd2 e6 10. O-O exd5 11. cxd5 Re8 12. h3 a6 13. a5 Bd7 14. Qc2 Nb5 15. Bd3
Nd4 16. Qd1 Bb5 17. Nf3 Bxd3 18. Qxd3 Nb3 19. Ra3 Nxa5 20. b3 b5 0-1

[Event "26th WSCC 2016 Open 65+"]
[Site "Marianske Lazne, Czech Republic - Hotel Cristal and Continental"]
[Date "2016.11.21"]
[Round "3.125"]
[White "Korenevski, Oleg"]
[Black "Kosina, Vladimir"]
[Result "1/2-1/2"]
[WhiteElo "1823"]
[BlackElo "1715"]
[PlyCount "82"]
[EventDate "2016.11.19"]

1. e4 c5 2. Nf3 Nc6 3. b3 d6 4. Bb2 e6 5. g3 Nf6 6. d3 Be7 7. Bg2 O-O 8. O-O a6
9. a4 Bd7 10. Nbd2 b5 11. axb5 axb5 12. Rxa8 Qxa8 13. e5 dxe5 14. Nxe5 Qb7 15.
Nxd7 Qxd7 16. Qa1 Nd4 17. Bxd4 cxd4 18. Nf3 Bc5 19. Ne5 Qd6 20. f4 Re8 21. Bc6
Rb8 22. Qa6 Nd5 23. Ra1 Nb4 24. Qa8 Nxc6 25. Qxc6 Qxc6 26. Nxc6 Rc8 27. b4 Bf8
28. Nxd4 Bxb4 29. Rb1 Bc5 30. c3 b4 31. Kf1 bxc3 32. Nc2 g6 33. d4 Bf8 34. Ke2
Kg7 35. Kd3 Kf6 36. Rb3 g5 37. fxg5+ Kxg5 38. Rb7 Kg6 39. Rb5 h5 40. Ne3 Bh6
41. Nc2 Bf8 1/2-1/2

[Event "26th WSCC 2016 Open 65+"]
[Site "Marianske Lazne, Czech Republic - Hotel Cristal and Continental"]
[Date "2016.11.21"]
[Round "3.126"]
[White "Weyand, Fernand"]
[Black "Benes, Karel"]
[Result "1/2-1/2"]
[WhiteElo "1816"]
[BlackElo "1700"]
[PlyCount "101"]
[EventDate "2016.11.19"]

1. e4 e5 2. Nf3 Nc6 3. Bb5 Nf6 4. Nc3 a6 5. Bxc6 dxc6 6. Nxe5 Bb4 7. f3 O-O 8.
Nd3 Ba5 9. O-O b5 10. Ne2 Bb6+ 11. Nf2 Re8 12. d3 Qe7 13. Bg5 h6 14. Bh4 g5 15.
Bg3 Nh5 16. Qd2 f5 17. h3 f4 18. Bh2 Be3 19. Qc3 Qd6 20. Kh1 b4 21. Qe1 a5 22.
Nd1 Bb6 23. Bg1 c5 24. b3 Bd7 25. Nb2 Ba7 26. Nc4 Qa6 27. Rd1 Rad8 28. d4 Bb5
29. dxc5 Bxc4 30. bxc4 Qxc4 31. g3 Rxd1 32. Qxd1 Bxc5 33. g4 Ng3+ 34. Nxg3 fxg3
35. Qd3 Qxd3 36. cxd3 Bd6 37. Rc1 Kf7 38. Rc6 Ke6 39. Ra6 Rb8 40. Bd4 b3 41.
axb3 Rxb3 42. e5 Rxd3 43. exd6 Rxd4 44. dxc7+ Kd7 45. Rc6 Kc8 46. Kg2 a4 47.
Kxg3 Rb4 48. h4 a3 49. Ra6 Rb3 50. hxg5 hxg5 51. Ra7 1/2-1/2

[Event "26th WSCC 2016 Open 65+"]
[Site "Marianske Lazne, Czech Republic - Hotel Cristal and Continental"]
[Date "2016.11.21"]
[Round "3.128"]
[White "Palla, Ivan"]
[Black "Haupt, Joachim"]
[Result "1/2-1/2"]
[WhiteElo "1514"]
[BlackElo "1812"]
[PlyCount "37"]
[EventDate "2016.11.19"]

1. Nf3 Nf6 2. g3 c5 3. Bg2 Nc6 4. O-O g6 5. d4 cxd4 6. Nxd4 Bg7 7. c3 O-O 8.
Na3 a6 9. Nac2 Qc7 10. Bg5 Nxd4 11. Nxd4 h6 12. Bd2 d6 13. e4 Bd7 14. Re1 Rac8
15. Qe2 e5 16. Nb3 Rfe8 17. Rac1 Ba4 18. Na1 Bd7 19. c4 1/2-1/2

[Event "26th WSCC 2016 Open 65+"]
[Site "Marianske Lazne, Czech Republic - Hotel Cristal and Continental"]
[Date "2016.11.21"]
[Round "3.129"]
[White "Kympergr, Vojtech"]
[Black "Kolek, Josef"]
[Result "0-1"]
[WhiteElo "1506"]
[BlackElo "1801"]
[PlyCount "78"]
[EventDate "2016.11.19"]

1. e4 c5 2. Nf3 Nc6 3. g3 d6 4. Bg2 g6 5. O-O Bg7 6. c3 Nf6 7. d3 O-O 8. Be3
Ng4 9. Qd2 Nxe3 10. Qxe3 Qc7 11. Nbd2 b5 12. a3 a5 13. Rab1 Bb7 14. Rfc1 Qd7
15. c4 b4 16. a4 Rae8 17. b3 e5 18. Rd1 f5 19. exf5 gxf5 20. Bh3 Qf7 21. Nf1
Kh8 22. Bg2 Rg8 23. N3d2 Qg6 24. Bd5 Rgf8 25. Qf3 Nd4 26. Qe3 Bh6 27. Qe1 Bxd5
28. cxd5 e4 29. Ne3 f4 30. Ng2 Nf3+ 31. Nxf3 exf3 32. Qf1 fxg2 33. Qxg2 f3 34.
Qf1 Re2 35. Re1 Rfe8 36. Rxe2 Rxe2 37. Qh3 Bf8 38. Qc8 Qe8 39. Qxe8 Rxe8 0-1

[Event "26th WSCC 2016 Open 65+"]
[Site "Marianske Lazne, Czech Republic - Hotel Cristal and Continental"]
[Date "2016.11.21"]
[Round "3.130"]
[White "Maman, Emanuel"]
[Black "Zikavsky, Rudolf"]
[Result "1-0"]
[WhiteElo "1800"]
[BlackElo "1632"]
[PlyCount "148"]
[EventDate "2016.11.19"]

1. e4 d5 2. exd5 Nf6 3. d4 Nxd5 4. Bc4 Nf6 5. Nf3 e6 6. O-O Be7 7. c3 O-O 8.
Be3 Nc6 9. Nbd2 Bd7 10. Bb3 Bd6 11. Re1 Nb8 12. Bg5 Be7 13. Qe2 Re8 14. Bc2 Bc6
15. Ne5 Qd5 16. Ndf3 Nbd7 17. Nxc6 Qxc6 18. Rad1 Bf8 19. a3 a5 20. Rd2 b5 21.
Rc1 Rab8 22. Bb1 Qb6 23. Be3 Qb7 24. Bg5 h6 25. Bh4 Bd6 26. Bg3 Bf8 27. h3 Rbc8
28. Bd3 c6 29. a4 Ra8 30. axb5 cxb5 31. Bxb5 Ne4 32. Rdd1 Nxg3 33. fxg3 Reb8
34. c4 Nf6 35. Ne5 Rc8 36. b3 Rc7 37. Kh2 Rb8 38. Ba4 Rbc8 39. Re1 Rd8 40. Rcd1
Bb4 41. Rf1 Be7 42. Rf4 Rf8 43. Bb5 Nh7 44. h4 Bf6 45. Qe1 Bxe5 46. dxe5 Qa8
47. Rd6 Qa7 48. Ra6 Qc5 49. Rxa5 Qe7 50. Qe3 Rd8 51. Rd4 Rf8 52. Rd2 Rb7 53.
Ra6 g5 54. Kh3 f5 55. Rdd6 f4 56. Rxe6 Qc5 57. Qe1 Qe3 58. Qxe3 fxe3 59. Ra1 e2
60. Re1 Rf2 61. Rd6 Re7 62. c5 h5 63. Rxe2 Rf5 64. Kh2 gxh4 65. gxh4 Rf4 66. g3
Rf5 67. Rd8+ Kg7 68. Rd7 Kf8 69. Rxe7 Kxe7 70. c6 Rf8 71. Ba6 Kd8 72. b4 Kc7
73. e6 Re8 74. Kg2 Nf6 {incomplete 91 moves} 1-0

[Event "26th WSCC 2016 Open 65+"]
[Site "Marianske Lazne, Czech Republic - Hotel Cristal and Continental"]
[Date "2016.11.21"]
[Round "3.131"]
[White "Kaldybayev, Orazbek"]
[Black "Dvorsky, David"]
[Result "1-0"]
[WhiteElo "1793"]
[BlackElo "1594"]
[PlyCount "65"]
[EventDate "2016.11.19"]

1. e4 e5 2. Nf3 Nc6 3. Bb5 a6 4. Ba4 Nf6 5. d3 d6 6. c3 Be7 7. Nbd2 b5 8. Bb3
Na5 9. Bc2 c5 10. O-O O-O 11. Re1 Qc7 12. Nf1 Bb7 13. Ng3 Rfe8 14. Nf5 Bf8 15.
Bg5 d5 16. Bxf6 gxf6 17. N3h4 Bc8 18. Qh5 Bxf5 19. Nxf5 d4 20. Bd1 Nb7 21. Bg4
Nd6 22. Nh6+ Bxh6 23. Qxh6 Qe7 24. Bf5 Nxf5 25. exf5 Kh8 26. Re4 Rg8 27. Rh4
Rg7 28. Re1 Rag8 29. g3 Qd6 30. cxd4 exd4 31. Ree4 Qd5 32. Qxf6 Qd8 33. Rxh7+
1-0

[Event "26th WSCC 2016 Open 65+"]
[Site "Marianske Lazne, Czech Republic - Hotel Cristal and Continental"]
[Date "2016.11.21"]
[Round "3.132"]
[White "Ostrowski, Michal"]
[Black "Mella, Aage"]
[Result "0-1"]
[WhiteElo "1223"]
[BlackElo "1781"]
[PlyCount "41"]
[EventDate "2016.11.19"]

1. b4 b6 2. Bb2 e6 3. Nf3 Nf6 4. a3 Bb7 5. d3 c5 6. b5 d5 7. Nbd2 Nbd7 8. c4
Bd6 9. e3 Qc7 10. Be2 O-O 11. h3 Rad8 12. Qc2 e5 13. O-O d4 14. e4 Rfe8 15. Nb3
Nf8 16. Bc1 Ng6 17. Bg5 Be7 18. Qd2 h6 19. Bxf6 Bxf6 20. a4 Nf4 21. Kh2 0-1

[Event "26th WSCC 2016 Open 65+"]
[Site "Marianske Lazne, Czech Republic - Hotel Cristal and Continental"]
[Date "2016.11.22"]
[Round "4.1"]
[White "Komljenovic, Davorin"]
[Black "Pushkov, Nikolai"]
[Result "1/2-1/2"]
[WhiteElo "2375"]
[BlackElo "2325"]
[PlyCount "61"]
[EventDate "2016.11.19"]

1. Nf3 d5 2. g3 c6 3. Bg2 Bg4 4. h3 Bxf3 5. Bxf3 Nd7 6. d3 Ngf6 7. O-O e6 8.
Bg2 Bc5 9. c3 a5 10. a4 O-O 11. Nd2 Qe7 12. e4 dxe4 13. Nxe4 Nxe4 14. Bxe4 Nf6
15. Bg2 Rfd8 16. Qf3 Qd7 17. d4 Be7 18. Rd1 Nd5 19. Bd2 Qc7 20. Qe2 Rd7 21. Be1
Rb8 22. c4 Nb4 23. d5 cxd5 24. Bxb4 Bxb4 25. cxd5 exd5 26. Bxd5 Re7 27. Qf3 Qe5
28. b3 g6 29. Rac1 Kg7 30. Bc4 Qf6 31. Qxf6+ 1/2-1/2

[Event "26th WSCC 2016 Open 65+"]
[Site "Marianske Lazne, Czech Republic - Hotel Cristal and Continental"]
[Date "2016.11.22"]
[Round "4.2"]
[White "Mishuchkov, Nikolai M"]
[Black "Kakageldyev, Amanmurad"]
[Result "1/2-1/2"]
[WhiteElo "2319"]
[BlackElo "2373"]
[PlyCount "84"]
[EventDate "2016.11.19"]

1. d4 g6 2. Nf3 Bg7 3. e4 d6 4. Nc3 c6 5. a4 Nf6 6. Be2 O-O 7. O-O Nbd7 8. Be3
Qc7 9. Nd2 e5 10. d5 cxd5 11. exd5 Ne8 12. Nb5 Qb8 13. c4 f5 14. f3 a6 15. Nc3
a5 16. Nb3 b6 17. Qd2 Ba6 18. Bh6 Qd8 19. Bxg7 Kxg7 20. Qe3 Rc8 21. Nd2 Nef6
22. Rab1 h5 23. b4 axb4 24. Rxb4 h4 25. f4 Re8 26. fxe5 dxe5 27. Qg5 Qe7 28.
Rb3 Nxd5 29. Rxf5 Ne3 30. Qxe7+ Rxe7 31. Rf2 Nxc4 32. Nde4 Bb7 33. Bxc4 Bxe4
34. Ba6 Ra8 35. Nxe4 Rxa6 36. Rb4 Nc5 37. Nxc5 bxc5 38. Re4 Rd6 39. Rfe2 Kf6
40. Rxh4 Rd4 41. Rhe4 Rxe4 42. Rxe4 Ra7 1/2-1/2

[Event "26th WSCC 2016 Open 65+"]
[Site "Marianske Lazne, Czech Republic - Hotel Cristal and Continental"]
[Date "2016.11.22"]
[Round "4.3"]
[White "Birnboim, Nathan"]
[Black "Kelleher, William"]
[Result "1-0"]
[WhiteElo "2365"]
[BlackElo "2292"]
[PlyCount "57"]
[EventDate "2016.11.19"]

1. d4 d5 2. c4 Bf5 3. Qa4+ c6 4. cxd5 Bxb1 5. dxc6 Nxc6 6. Rxb1 e5 7. Bd2 Qxd4
8. Qxd4 exd4 9. Nf3 Nf6 10. g3 Bd6 11. Bg2 O-O 12. O-O Rfe8 13. Rfd1 Rxe2 14.
b4 a6 15. a4 Ne4 16. b5 axb5 17. axb5 Nxd2 18. Nxd2 Nd8 19. Ne4 Be5 20. f4 f5
21. fxe5 fxe4 22. Rxd4 Ne6 23. Rxe4 Rd2 24. Ree1 Raa2 25. Bxb7 Ng5 26. Re3 Nh3+
27. Kf1 Kf8 28. b6 Rxh2 29. Bd5 1-0

[Event "26th WSCC 2016 Open 65+"]
[Site "Marianske Lazne, Czech Republic - Hotel Cristal and Continental"]
[Date "2016.11.22"]
[Round "4.5"]
[White "Kierzek, Matthias"]
[Black "Plachetka, Jan"]
[Result "1-0"]
[WhiteElo "2189"]
[BlackElo "2348"]
[PlyCount "77"]
[EventDate "2016.11.19"]

1. d4 Nf6 2. c4 e6 3. Nf3 d5 4. Nc3 Nbd7 5. Bg5 Bb4 6. cxd5 exd5 7. Qc2 c5 8.
g3 Qa5 9. Bg2 Ne4 10. O-O Bxc3 11. bxc3 Qxc3 12. Qa4 Nxg5 13. Nxg5 O-O 14. Rac1
Qd2 15. Nf3 Qxe2 16. dxc5 Nf6 17. Rfe1 Qb2 18. Rc2 Bd7 19. c6 Bxc6 20. Qxc6
bxc6 21. Rxb2 c5 22. Rc2 Rac8 23. Rec1 c4 24. Nd4 Rc5 25. Nf5 g6 26. Ne3 Rb8
27. Rd1 Rbb5 28. g4 h6 29. h4 c3 30. g5 hxg5 31. hxg5 Ne4 32. Nxd5 Rxd5 33.
Rxd5 Rxd5 34. Bxe4 Rxg5+ 35. Kf1 Ra5 36. Ke2 f5 37. Bd3 Re5+ 38. Kf3 Rc5 39.
Ke3 1-0

[Event "26th WSCC 2016 Open 65+"]
[Site "Marianske Lazne, Czech Republic - Hotel Cristal and Continental"]
[Date "2016.11.22"]
[Round "4.6"]
[White "Pritchett, Craig W"]
[Black "Kolbak, Jens"]
[Result "1/2-1/2"]
[WhiteElo "2338"]
[BlackElo "2189"]
[PlyCount "51"]
[EventDate "2016.11.19"]

1. c4 Nf6 2. Nc3 d6 3. d4 g6 4. e4 Bg7 5. Be2 O-O 6. Be3 e5 7. d5 a5 8. g4 Ne8
9. h4 f5 10. f3 Bf6 11. g5 Be7 12. Qc2 Ng7 13. O-O-O Na6 14. Nh3 Nh5 15. Rdg1
f4 16. Bf2 Bd7 17. Be1 Nc5 18. Rh2 Qe8 19. Nf2 Na4 20. Nxa4 Bxa4 21. b3 Bd7 22.
Nd3 b6 23. Bf1 Qc8 24. Nf2 c6 25. Bh3 Bxh3 26. Nxh3 1/2-1/2

[Event "26th WSCC 2016 Open 65+"]
[Site "Marianske Lazne, Czech Republic - Hotel Cristal and Continental"]
[Date "2016.11.22"]
[Round "4.7"]
[White "Frick, Christoph"]
[Black "Vaisser, Anatoly"]
[Result "0-1"]
[WhiteElo "2275"]
[BlackElo "2505"]
[PlyCount "88"]
[EventDate "2016.11.19"]

1. d4 e6 2. Bf4 Nf6 3. e3 c5 4. c3 Nc6 5. Nd2 d5 6. Bd3 Bd6 7. Bxd6 Qxd6 8. f4
cxd4 9. cxd4 Bd7 10. a3 Ne7 11. Qe2 Qb6 12. Ngf3 Nf5 13. Ne5 Nd6 14. O-O Bb5
15. Rac1 O-O 16. Bxb5 Qxb5 17. Qxb5 Nxb5 18. Rc5 Nd6 19. Rfc1 Rfc8 20. b4 Kf8
21. g4 Ke8 22. g5 Nd7 23. Nxd7 Kxd7 24. Kf2 b6 25. Rxc8 Rxc8 26. Rxc8 Kxc8 27.
Ke2 Kd7 28. a4 f6 29. Kd3 Ke7 30. gxf6+ gxf6 31. e4 Kf7 32. e5 fxe5 33. dxe5
Nf5 34. Nb1 Ne7 35. b5 Kg6 36. Na3 Kf5 37. Ke3 Kg4 38. Nc2 Nf5+ 39. Kd3 Kxf4
40. Nb4 Kxe5 41. Nc6+ Kd6 42. Nxa7 e5 43. a5 e4+ 44. Kd2 bxa5 0-1